Qualitative research methods for psychologists : introduction through empirical studies
Αποθηκεύτηκε σε:
| Άλλοι συγγραφείς: | |
|---|---|
| Μορφή: | Βιβλίο |
| Γλώσσα: | English |
| Δημοσίευση: |
Amsterdam [etc.] :
Elsevier,
[c2006]
|
| Θέματα: | |
| Ετικέτες: |
Προσθήκη ετικέτας
Δεν υπάρχουν, Καταχωρήστε ετικέτα πρώτοι!
|
MARC
| LEADER | 00000nam a2200000 i 4500 | ||
|---|---|---|---|
| 001 | 1/79175 | ||
| 008 | 080328s2006 eng d | ||
| 020 | |a 978-0-12-088470-4 | ||
| 020 | |a 0-12-088470-4 | ||
| 035 | |l 10095900 | ||
| 040 | |a GR-MY-UA |b gre |e aacr | ||
| 041 | 0 | |a eng | |
| 082 | 0 | |a 150.72 |2 (22) | |
| 245 | 1 | 0 | |a Qualitative research methods for psychologists : |b introduction through empirical studies / |c [edited by] Constance T. Fischer |
| 260 | |a Amsterdam [etc.] : |b Elsevier, |c [c2006] | ||
| 300 | |a xliv, 461 σ.; |c 24 εκ. | ||
| 504 | |a Περιλαμβάνει βιβλιογραφίες, ευρετήριο και γλωσσάρι | ||
| 650 | 0 | 0 | |a Psychology |x Research |x Methodology. |
| 650 | 0 | 0 | |a Qualitative research |x Methodology. |
| 700 | 1 | |a Fischer, Constance T. |d 1938- |4 edt | |
| 852 | |a INST |b RHODES |e 20080328 |h 150.72 QUA |p 005400029380 |q 005400029380 |t BK |y 0 | ||
| 901 | |a BIBL4-2008-1 | ||
| 909 | |a Ρ |b 151168 | ||
| 922 | |a 4ΕΛΗ |b 200803 |c ΕΠΕΑΕΚ2/ΤΕΠΑΕΣ |d ΠΑΠΑΣΩΤΗΡΙΟΥ | ||
| 970 | |a ΚΟΖΑ |b ΜΑΡΙΑ |z 2008/03/28 | ||